| 000 | 01052nam a22002297a 4500 | ||
|---|---|---|---|
| 999 |
_c57266 _d57266 |
||
| 003 | Ge_BSU | ||
| 005 | 20200130112411.0 | ||
| 008 | 200130s2009 ||||| |||| 00| 0 geo d | ||
| 020 | _a9789941145131 | ||
| 041 | _ageo | ||
| 080 | _a502.5 : 574.5 ნ-37 | ||
| 100 |
_aნაცვლიშვილი, მ _96519 |
||
| 245 |
_aწყლის ეკოლოგია / _c მ. ნაცვლიშვილი ; ლ. კლიმიაშვილი ; ნ. ნაცვლიშვილი. |
||
| 264 |
_aთბილისი : _bტექნიკური უნივერსიტეტი, _c2009. |
||
| 300 |
_a238 გვ. : _bნახ. ; _c20 სმ. |
||
| 504 | _aბიბლიოგრაფია: 233-234 | ||
| 653 | _aწყლის ეკოლოგია | ||
| 700 |
_aკლიმიაშვილი, ლ _91932 |
||
| 700 |
_aნაცვლიშვილი, ნ _96520 |
||
| 710 |
_eსაქართველოს ტექნიკური უნივერსიტეტი _96521 |
||
| 942 |
_2udc _cBK |
||